{"text_format":"3","workbook":"xlsx","n_sheets":2,"sheets":["SUMMARY","Detailed Estimate"],"not_rendered":{"images":1,"defined_names":3},"read":"whole","date_system":"1900"}

{"sheet":"SUMMARY","index":0,"n_rows":18,"n_cols":5,"rows_kept":18,"merged":[[0,4,0,5],[0,9,0,10],[0,11,0,15],[1,4,1,5],[1,6,1,10],[2,0,2,2],[2,4,2,5],[2,6,2,10],[3,0,3,2]]}
[]
[{"$nulls":4},"Project Name:"]
["www.biddingpartners.com",{"$nulls":3},"Address:"]
["+1 (347) 994-0941"]
[]
[null,"CSI DIV.","DESCRIPTION","TOTAL TRADE COST","REMARKS"]
[]
[null,"DIV.01","GENERAL CONDITIONS",{"$f":"'Detailed Estimate'!P8","v":{"v":79472.6,"d":"$79,472.60"}}]
[{"$f":"IF(G9<>\"\",1+MAX($A$1:A8),\"\")","v":""},"DIV.22","PLUMBING",{"$f":"'Detailed Estimate'!P14","v":{"v":48166.101430200004,"d":"$48,166.10"}}]
[{"$f":"IF(G10<>\"\",1+MAX($A$1:A9),\"\")","v":""},"DIV.23","HEAT VENTILATION & AIR CONDITIONING",{"$f":"'Detailed Estimate'!P116","v":{"v":26143.832,"d":"$26,143.83"}}]
[{"$f":"IF(G11<>\"\",1+MAX($A$1:A9),\"\")","v":""},"DIV.26","ELECTRICAL",{"$f":"'Detailed Estimate'!P173","v":{"v":43935.68000000001,"d":"$43,935.68"}}]
[{"$f":"IF(G12<>\"\",1+MAX($A$1:A11),\"\")","v":""}]
[null,null,"SUBTOTAL",{"$f":"SUM(D8:D12)","v":{"v":197718.2134302,"d":"$197,718.21"}}]
[null,null,"OVERHEAD & PROFIT - 25%",{"$f":"0.25*D13","v":{"v":49429.55335755,"d":"$49,429.55"}}]
[null,null,"TOTAL BID",{"$f":"SUM(D13:D14)","v":{"v":247147.76678775,"d":"$247,147.77"}}]
[]
[{"$f":"IF(G28<>\"\",1+MAX($A$1:A16),\"\")","v":""},null,"EXCLUSIONS"]
[{"$f":"IF(G29<>\"\",1+MAX($A$1:A17),\"\")","v":""},null,"ALL ITEMS NOT MENTIONED ABOVE ARE EXCLUDED"]

{"sheet":"Detailed Estimate","index":1,"n_rows":217,"n_cols":16,"rows_kept":217,"merged":[[0,9,0,10],[0,11,0,15],[1,9,1,10],[1,11,1,15],[2,0,2,3],[2,9,2,10],[2,11,2,15],[3,0,3,3],[17,6,17,9],[25,6,25,9],[37,6,37,9],[45,6,45,9],[50,6,50,7],[80,6,80,9],[95,6,95,7],[109,6,109,7],[116,6,116,9],[117,6,117,9],[118,6,118,9],[214,0,214,3],[216,0,216,3]]}
[]
[{"$nulls":9},"Project Name:"]
["www.biddingpartners.com",{"$nulls":8},"Address:"]
[{"v":3479940941,"d":"+1 (347) 994-0941"}]
[]
["SR #","REFERENCE SHEET","DETAIL SHEET","CSI SECT","DESCRIPTION","QTY.","WASTAGE","QTY WITH\nWASTAGE","UNIT OF\nMEASURMENT","UNIT LABOR COST","TOTAL LABOR COST","UNIT MATERIAL COST","TOTAL MATERIAL COST","UNIT COST","TOTAL ITEM\nCOST","TOTAL TRADE\nCOST"]
[]
[{"$nulls":3},"DIV. 01","GENERAL REQUIREMENTS",{"$nulls":10},{"$f":"SUM(O9:O13)","v":{"v":79472.6,"d":"$79,473"}}]
[]
[{"$f":"IF(I10<>\"\",1+MAX($A$6:A9),\"\")","v":1},{"$nulls":3},"PERMITS, SITE SUPERVISION, FINAL CLEANUP & DUMPSTER",1,{"v":0,"d":"0%"},{"$f":"F10*(1+G10)","v":1},"LS",{"$nulls":4},{"v":31789.04,"d":"$31,789.0"},{"$f":"N10*H10","v":{"v":31789.04,"d":"$31,789"}}]
[{"$f":"IF(I11<>\"\",1+MAX($A$6:A10),\"\")","v":2},{"$nulls":3},"Allowances",1,{"v":0,"d":"0%"},{"$f":"F11*(1+G11)","v":1},"LS",{"$nulls":4},{"v":15894.52,"d":"$15,894.5"},{"$f":"N11*H11","v":{"v":15894.52,"d":"$15,895"}}]
[{"$f":"IF(I12<>\"\",1+MAX($A$6:A11),\"\")","v":3},{"$nulls":3},"Mobilization",1,{"v":0,"d":"0%"},1,"LS",{"$nulls":4},{"v":31789.04,"d":"$31,789.0"},{"v":31789.04,"d":"$31,789"}]
[{"$f":"IF(I13<>\"\",1+MAX($A$6:A12),\"\")","v":""}]
[{"$f":"IF(I14<>\"\",1+MAX($A$6:A13),\"\")","v":""},null,null,"DIV. 22","PLUMBING",{"$nulls":10},{"$f":"SUM(O17:O114)","v":{"v":48166.101430200004,"d":"$48,166"}}]
[{"$f":"IF(I15<>\"\",1+MAX($A$6:A14),\"\")","v":""}]
[{"$f":"IF(I16<>\"\",1+MAX($A$6:A15),\"\")","v":""},{"$nulls":3},"PLUMBING PIPES"]
[{"$f":"IF(I17<>\"\",1+MAX($A$6:A16),\"\")","v":""}]
[{"$f":"IF(I18<>\"\",1+MAX($A$6:A17),\"\")","v":""},{"$nulls":3},"WASTE PIPE",null,"SCH 40 ABS OR PVC"]
[{"$f":"IF(I19<>\"\",1+MAX($A$6:A18),\"\")","v":4},"P-3.0","P-3.0",null,"1 1/2\" Dia Vent Pipe",{"v":46.08,"d":"46"},{"v":0.1,"d":"10%"},{"$f":"F19*(1+G19)","v":{"v":50.688,"d":"51"}},"LF",{"v":3.7736,"d":"$3.8"},{"$f":"J19*H19","v":{"v":191.27623680000002,"d":"$191.28"}},{"v":2.12,"d":"$2.12"},{"$f":"L19*H19","v":{"v":107.45856,"d":"$107.46"}},{"$f":"J19+L19","v":{"v":5.8936,"d":"$5.9"}},{"$f":"N19*H19","v":{"v":298.7347968,"d":"$299"}}]
[{"$f":"IF(I20<>\"\",1+MAX($A$6:A19),\"\")","v":5},"P-3.0","P-3.0",null,"2\" Dia Vent Pipe",{"v":29.13,"d":"29"},{"v":0.1,"d":"10%"},{"v":32.043,"d":"32"},"LF",{"v":6.23,"d":"$6.2"},{"v":199.62789,"d":"$199.63"},{"v":3.5,"d":"$3.50"},{"v":112.1505,"d":"$112.15"},{"v":9.73,"d":"$9.7"},{"v":311.77839,"d":"$312"}]
[{"$f":"IF(I21<>\"\",1+MAX($A$6:A20),\"\")","v":6},"P-3.0","P-3.0",null,"2\" Dia Sanitary Sewer Pipe",{"v":68.87,"d":"69"},{"v":0.1,"d":"10%"},{"v":75.757,"d":"76"},"LF",{"v":6.23,"d":"$6.2"},{"v":471.96611000000007,"d":"$471.97"},{"v":3.5,"d":"$3.50"},{"v":265.1495,"d":"$265.15"},{"v":9.73,"d":"$9.7"},{"v":737.1156100000001,"d":"$737"}]
[{"$f":"IF(I22<>\"\",1+MAX($A$6:A21),\"\")","v":7},"P-3.0","P-3.0",null,"3\" Dia Sanitary Sewer Pipe",{"v":158.77,"d":"159"},{"v":0.1,"d":"10%"},{"v":174.64700000000002,"d":"175"},"LF",{"v":10.057,"d":"$10.1"},{"v":1756.4248790000004,"d":"$1,756.42"},{"v":5.65,"d":"$5.65"},{"v":986.7555500000002,"d":"$986.76"},{"v":15.707,"d":"$15.7"},{"v":2743.1804290000005,"d":"$2,743"}]
[{"$f":"IF(I23<>\"\",1+MAX($A$6:A22),\"\")","v":8},"P-3.0","P-3.0",null,"1 1/2\" Dia Vent Pipe Up Above Ceiling",{"$f":"8*12","v":96},{"v":0.1,"d":"10%"},{"v":105.60000000000001,"d":"106"},"LF",{"v":3.7736,"d":"$3.8"},{"$f":"J23*H23","v":{"v":398.49216,"d":"$398.49"}},{"v":2.12,"d":"$2.12"},{"$f":"L23*H23","v":{"v":223.87200000000004,"d":"$223.87"}},{"$f":"J23+L23","v":{"v":5.8936,"d":"$5.9"}},{"v":622.3641600000001,"d":"$622"}]
[{"$f":"IF(I24<>\"\",1+MAX($A$6:A23),\"\")","v":9},"P-3.0","P-3.0",null,"2\" Dia Vent Pipe Vertical Through Roof",{"$f":"7*12","v":84},{"v":0.1,"d":"10%"},{"v":92.4,"d":"92"},"LF",{"v":6.23,"d":"$6.2"},{"v":575.652,"d":"$575.65"},{"v":3.5,"d":"$3.50"},{"v":323.40000000000003,"d":"$323.40"},{"v":9.73,"d":"$9.7"},{"v":899.0520000000001,"d":"$899"}]
[{"$f":"IF(I25<>\"\",1+MAX($A$6:A24),\"\")","v":""}]
[{"$f":"IF(I26<>\"\",1+MAX($A$6:A25),\"\")","v":""},{"$nulls":3},"WATER PIPES",null,"AQUA PEX TUBING"]
[{"$f":"IF(I27<>\"\",1+MAX($A$6:A26),\"\")","v":10},"P-2.0","P-2.0",null,"1\" Dia Cold Water Pipe",{"v":42.48,"d":"42"},{"v":0.1,"d":"10%"},{"$f":"F27*(1+G27)","v":{"v":46.728,"d":"47"}},"LF",{"v":4.050000000000001,"d":"$4.1"},{"$f":"J27*H27","v":{"v":189.24840000000003,"d":"$189.25"}},{"v":2.5,"d":"$2.50"},{"$f":"L27*H27","v":{"v":116.82000000000001,"d":"$116.82"}},{"$f":"J27+L27","v":{"v":6.550000000000001,"d":"$6.6"}},{"$f":"N27*H27","v":{"v":306.06840000000005,"d":"$306"}}]
[{"$f":"IF(I28<>\"\",1+MAX($A$6:A27),\"\")","v":11},"P-2.0","P-2.0",null,"1 1/2\" Dia Cold Water Pipe",{"v":5.72,"d":"6"},{"v":0.1,"d":"10%"},{"v":6.292,"d":"6"},"LF",{"v":8.9424,"d":"$8.9"},{"v":56.265580799999995,"d":"$56.27"},{"v":5.52,"d":"$5.52"},{"v":34.73184,"d":"$34.73"},{"v":14.462399999999999,"d":"$14.5"},{"v":90.99742079999999,"d":"$91"}]
[{"$f":"IF(I29<>\"\",1+MAX($A$6:A28),\"\")","v":12},"P-2.0","P-2.0",null,"1 1/4\" Dia Cold Water Pipe",{"v":153.01,"d":"153"},{"v":0.1,"d":"10%"},{"v":168.311,"d":"168"},"LF",{"v":7.3386000000000005,"d":"$7.3"},{"$f":"J29*H29","v":{"v":1235.1671046000001,"d":"$1,235.17"}},{"v":4.53,"d":"$4.53"},{"$f":"L29*H29","v":{"v":762.44883,"d":"$762.45"}},{"$f":"J29+L29","v":{"v":11.8686,"d":"$11.9"}},{"v":1997.6159346000002,"d":"$1,998"}]
[{"$f":"IF(I30<>\"\",1+MAX($A$6:A29),\"\")","v":13},"P-2.0","P-2.0",null,"1/2\" Dia Cold Water Pipe",{"v":13.82,"d":"14"},{"v":0.1,"d":"10%"},{"v":15.202000000000002,"d":"15"},"LF",{"v":2.8998000000000004,"d":"$2.9"},{"v":44.08275960000001,"d":"$44.08"},{"v":1.79,"d":"$1.79"},{"v":27.211580000000005,"d":"$27.21"},{"$f":"J30+L30","v":{"v":4.6898,"d":"$4.7"}},{"v":71.2943396,"d":"$71"}]
[{"$f":"IF(I31<>\"\",1+MAX($A$6:A30),\"\")","v":14},"P-2.0","P-2.0",null,"3/4\" Dia Cold Water Pipe",{"v":111.54,"d":"112"},{"v":0.1,"d":"10%"},{"v":122.69400000000002,"d":"123"},"LF",{"v":3.2076000000000002,"d":"$3.2"},{"v":393.5532744000001,"d":"$393.55"},{"v":1.98,"d":"$1.98"},{"v":242.93412000000004,"d":"$242.93"},{"$f":"J31+L31","v":{"v":5.1876,"d":"$5.2"}},{"v":636.4873944000001,"d":"$636"}]
[{"$f":"IF(I32<>\"\",1+MAX($A$6:A31),\"\")","v":15},"P-2.0","P-2.0",null,"1\" Dia Hot Water Pipe",{"v":15.65,"d":"16"},{"v":0.1,"d":"10%"},{"v":17.215000000000003,"d":"17"},"LF",{"v":4.050000000000001,"d":"$4.1"},{"v":69.72075000000002,"d":"$69.72"},{"v":2.5,"d":"$2.50"},{"v":43.03750000000001,"d":"$43.04"},{"v":6.550000000000001,"d":"$6.6"},{"v":112.75825000000003,"d":"$113"}]
[{"$f":"IF(I33<>\"\",1+MAX($A$6:A32),\"\")","v":16},"P-2.0","P-2.0",null,"1 1/4\" Dia Hot Water Pipe",{"v":121.47,"d":"121"},{"v":0.1,"d":"10%"},{"v":133.61700000000002,"d":"134"},"LF",{"v":7.3386000000000005,"d":"$7.3"},{"v":980.5617162000002,"d":"$980.56"},{"v":4.53,"d":"$4.53"},{"v":605.2850100000002,"d":"$605.29"},{"v":11.8686,"d":"$11.9"},{"v":1585.8467262000004,"d":"$1,586"}]
[{"$f":"IF(I34<>\"\",1+MAX($A$6:A33),\"\")","v":17},"P-2.0","P-2.0",null,"1/2\" Dia Hot Water Pipe",{"v":32.45,"d":"32"},{"v":0.1,"d":"10%"},{"v":35.69500000000001,"d":"36"},"LF",{"v":2.8998000000000004,"d":"$2.9"},{"v":103.50836100000004,"d":"$103.51"},{"v":1.79,"d":"$1.79"},{"v":63.894050000000014,"d":"$63.89"},{"$f":"J34+L34","v":{"v":4.6898,"d":"$4.7"}},{"v":167.40241100000003,"d":"$167"}]
[{"$f":"IF(I35<>\"\",1+MAX($A$6:A34),\"\")","v":18},"P-2.0","P-2.0",null,"1/2\" Dia Hot Water Return",{"v":122.21,"d":"122"},{"v":0.1,"d":"10%"},{"v":134.431,"d":"134"},"LF",{"v":2.8998000000000004,"d":"$2.9"},{"v":389.82301380000007,"d":"$389.82"},{"v":1.79,"d":"$1.79"},{"v":240.63149,"d":"$240.63"},{"v":4.6898,"d":"$4.7"},{"v":630.4545038,"d":"$630"}]
[{"$f":"IF(I36<>\"\",1+MAX($A$6:A35),\"\")","v":19},"P-2.0","P-2.0",null,"3/4\" Dia Hot Water Pipe",{"v":96.88,"d":"97"},{"v":0.1,"d":"10%"},{"v":106.568,"d":"107"},"LF",{"v":3.2076000000000002,"d":"$3.2"},{"v":341.8275168,"d":"$341.83"},{"v":1.98,"d":"$1.98"},{"v":211.00464,"d":"$211.00"},{"v":5.1876,"d":"$5.2"},{"v":552.8321568,"d":"$553"}]
[{"$f":"IF(I37<>\"\",1+MAX($A$6:A36),\"\")","v":""}]
[{"$f":"IF(I38<>\"\",1+MAX($A$6:A37),\"\")","v":""},{"$nulls":3},"GAS PIPE",null,"SCH. 40 BLACK STEEL"]
[{"$f":"IF(I39<>\"\",1+MAX($A$6:A38),\"\")","v":20},"P-2.0","P-2.0",null,"1\" Dia Gas Pipe",{"v":10.17,"d":"10"},{"v":0.1,"d":"10%"},{"v":11.187000000000001,"d":"11"},"LF",{"v":3.7380000000000004,"d":"$3.7"},{"$f":"J39*H39","v":{"v":41.817006000000006,"d":"$41.82"}},{"v":2.1,"d":"$2.10"},{"$f":"L39*H39","v":{"v":23.492700000000003,"d":"$23.49"}},{"$f":"J39+L39","v":{"v":5.838000000000001,"d":"$5.8"}},{"v":65.30970600000002,"d":"$65"}]
[{"$f":"IF(I40<>\"\",1+MAX($A$6:A39),\"\")","v":21},"P-2.0","P-2.0",null,"1 1/2\" Dia Gas Pipe",{"v":11.43,"d":"11"},{"v":0.1,"d":"10%"},{"v":12.573,"d":"13"},"LF",{"v":4.45,"d":"$4.5"},{"v":55.949850000000005,"d":"$55.95"},{"v":2.5,"d":"$2.50"},{"v":31.4325,"d":"$31.43"},{"v":6.95,"d":"$7.0"},{"v":87.38235,"d":"$87"}]
[{"$f":"IF(I41<>\"\",1+MAX($A$6:A40),\"\")","v":22},"P-2.0","P-2.0",null,"1/2\" Dia Gas Pipe",{"v":58.59,"d":"59"},{"v":0.1,"d":"10%"},{"v":64.44900000000001,"d":"64"},"LF",{"v":3.1684,"d":"$3.2"},{"v":204.20021160000005,"d":"$204.20"},{"v":1.78,"d":"$1.78"},{"v":114.71922000000002,"d":"$114.72"},{"v":4.9484,"d":"$4.9"},{"v":318.9194316000001,"d":"$319"}]
[{"$f":"IF(I42<>\"\",1+MAX($A$6:A41),\"\")","v":23},"P-2.0","P-2.0",null,"2\" Dia Gas Pipe",{"v":85.72,"d":"86"},{"v":0.1,"d":"10%"},{"v":94.292,"d":"94"},"LF",{"v":5.0908,"d":"$5.1"},{"v":480.0217136,"d":"$480.02"},{"v":2.86,"d":"$2.86"},{"v":269.67512,"d":"$269.68"},{"v":7.950799999999999,"d":"$8.0"},{"v":749.6968336,"d":"$750"}]
[{"$f":"IF(I43<>\"\",1+MAX($A$6:A42),\"\")","v":24},"P-2.0","P-2.0",null,"2 1/2\" Dia Gas Pipe",{"v":50.56,"d":"51"},{"v":0.1,"d":"10%"},{"v":55.61600000000001,"d":"56"},"LF",{"v":5.767200000000001,"d":"$5.8"},{"$f":"J43*H43","v":{"v":320.74859520000007,"d":"$320.75"}},{"v":3.24,"d":"$3.24"},{"$f":"L43*H43","v":{"v":180.19584000000003,"d":"$180.20"}},{"$f":"J43+L43","v":{"v":9.007200000000001,"d":"$9.0"}},{"v":500.9444352000001,"d":"$501"}]
[{"$f":"IF(I44<>\"\",1+MAX($A$6:A43),\"\")","v":25},"P-2.0","P-2.0",null,"3/4\" Dia Gas Pipe",{"v":21.18,"d":"21"},{"v":0.1,"d":"10%"},{"v":23.298000000000002,"d":"23"},"LF",{"v":3.56,"d":"$3.6"},{"v":82.94088,"d":"$82.94"},{"v":2,"d":"$2.00"},{"v":46.596000000000004,"d":"$46.60"},{"$f":"J44+L44","v":{"v":5.5600000000000005,"d":"$5.6"}},{"v":129.53688000000002,"d":"$130"}]
[{"$f":"IF(I45<>\"\",1+MAX($A$6:A44),\"\")","v":""}]
[{"$f":"IF(I46<>\"\",1+MAX($A$6:A45),\"\")","v":""},{"$nulls":3},"RISER",null,"SCH. 40 BLACK STEEL"]
[{"$f":"IF(I47<>\"\",1+MAX($A$6:A46),\"\")","v":26},"P-2.1","P-2.1",null,"1 1/4\" Dia Gas Pipe",{"v":10.23,"d":"10"},{"v":0.1,"d":"10%"},{"$f":"F47*(1+G47)","v":{"v":11.253000000000002,"d":"11"}},"LF",{"v":3.7736,"d":"$3.8"},{"$f":"J47*H47","v":{"v":42.46432080000001,"d":"$42.46"}},{"v":2.12,"d":"$2.12"},{"$f":"L47*H47","v":{"v":23.856360000000006,"d":"$23.86"}},{"$f":"J47+L47","v":{"v":5.8936,"d":"$5.9"}},{"$f":"N47*H47","v":{"v":66.32068080000002,"d":"$66"}}]
[{"$f":"IF(I48<>\"\",1+MAX($A$6:A47),\"\")","v":27},"P-2.1","P-2.1",null,"3/4\" Dia Gas Pipe",{"v":12.61,"d":"13"},{"v":0.1,"d":"10%"},{"v":13.871,"d":"14"},"LF",{"v":3.56,"d":"$3.6"},{"v":49.38076,"d":"$49.38"},{"v":2,"d":"$2.00"},{"v":27.742,"d":"$27.74"},{"v":5.5600000000000005,"d":"$5.6"},{"v":77.12276000000001,"d":"$77"}]
[{"$f":"IF(I49<>\"\",1+MAX($A$6:A48),\"\")","v":28},"P-2.1","P-2.1",null,"1/2\" Dia Gas Pipe",{"v":8.25,"d":"8"},{"v":0.1,"d":"10%"},{"v":9.075000000000001,"d":"9"},"LF",{"v":3.1684,"d":"$3.2"},{"v":28.753230000000006,"d":"$28.75"},{"v":1.78,"d":"$1.78"},{"v":16.1535,"d":"$16.15"},{"v":4.9484,"d":"$4.9"},{"v":44.90673000000001,"d":"$45"}]
[{"$f":"IF(I50<>\"\",1+MAX($A$6:A49),\"\")","v":""}]
[{"$f":"IF(I51<>\"\",1+MAX($A$6:A50),\"\")","v":""},{"$nulls":3},"CONNECTIONS"]
[{"$f":"IF(I52<>\"\",1+MAX($A$6:A51),\"\")","v":""}]
[{"$f":"IF(I53<>\"\",1+MAX($A$6:A52),\"\")","v":""},{"$nulls":3},"WATER"]
[{"$f":"IF(I54<>\"\",1+MAX($A$6:A53),\"\")","v":29},"P-2.0","P-2.0",null,"1\" Dia 90 Degree Elbow",2,{"v":0,"d":"0%"},{"$f":"F54*(1+G54)","v":2},"EA",{"v":13.65,"d":"$13.7"},{"$f":"J54*H54","v":{"v":27.3,"d":"$27.30"}},{"v":21,"d":"$21.00"},{"$f":"L54*H54","v":{"v":42,"d":"$42.00"}},{"$f":"J54+L54","v":{"v":34.65,"d":"$34.7"}},{"$f":"N54*H54","v":{"v":69.3,"d":"$69"}}]
[{"$f":"IF(I55<>\"\",1+MAX($A$6:A54),\"\")","v":30},"P-2.0","P-2.0",null,"3/4\" Dia 90 Degree Elbow",8,{"v":0,"d":"0%"},8,"EA",{"v":11.05,"d":"$11.1"},{"v":88.4,"d":"$88.40"},{"v":17,"d":"$17.00"},{"v":136,"d":"$136.00"},{"$f":"J55+L55","v":{"v":28.05,"d":"$28.1"}},{"v":224.4,"d":"$224"}]
[{"$f":"IF(I56<>\"\",1+MAX($A$6:A55),\"\")","v":31},"P-2.0","P-2.0",null,"1 1/2\" Dia 90 Degree Elbow",2,{"v":0,"d":"0%"},2,"EA",{"v":16.25,"d":"$16.3"},{"v":32.5,"d":"$32.50"},{"v":25,"d":"$25.00"},{"v":50,"d":"$50.00"},{"v":41.25,"d":"$41.3"},{"v":82.5,"d":"$83"}]
[{"$f":"IF(I57<>\"\",1+MAX($A$6:A56),\"\")","v":32},"P-2.0","P-2.0",null,"1 1/4\" Dia 90 Degree Elbow",8,{"v":0,"d":"0%"},8,"EA",{"v":14.950000000000001,"d":"$15.0"},{"v":119.60000000000001,"d":"$119.60"},{"v":23,"d":"$23.00"},{"v":184,"d":"$184.00"},{"v":37.95,"d":"$38.0"},{"v":303.6,"d":"$304"}]
[{"$f":"IF(I58<>\"\",1+MAX($A$6:A57),\"\")","v":33},"P-2.0","P-2.0",null,"1/2\" Dia 90 Degree Elbow",7,{"v":0,"d":"0%"},7,"EA",{"v":9.1,"d":"$9.1"},{"v":63.699999999999996,"d":"$63.70"},{"v":14,"d":"$14.00"},{"v":98,"d":"$98.00"},{"v":23.1,"d":"$23.1"},{"v":161.70000000000002,"d":"$162"}]
[{"$f":"IF(I59<>\"\",1+MAX($A$6:A58),\"\")","v":34},"P-2.0","P-2.0",null,"1\" Dia To 3/4\" Dia 90 Degree Elbow",1,{"v":0,"d":"0%"},1,"EA",{"v":16.25,"d":"$16.3"},{"v":16.25,"d":"$16.25"},{"v":25,"d":"$25.00"},{"v":25,"d":"$25.00"},{"v":41.25,"d":"$41.3"},{"v":41.25,"d":"$41"}]
[{"$f":"IF(I60<>\"\",1+MAX($A$6:A59),\"\")","v":35},"P-2.0","P-2.0",null,"1\" Dia To 1/2\" Dia Transition Tee",1,{"v":0,"d":"0%"},1,"EA",{"v":16.25,"d":"$16.3"},{"v":16.25,"d":"$16.25"},{"v":25,"d":"$25.00"},{"v":25,"d":"$25.00"},{"v":41.25,"d":"$41.3"},{"v":41.25,"d":"$41"}]
[{"$f":"IF(I61<>\"\",1+MAX($A$6:A60),\"\")","v":36},"P-2.0","P-2.0",null,"1\" Dia To 1/4\" Dia Transition Tee",1,{"v":0,"d":"0%"},1,"EA",{"v":16.25,"d":"$16.3"},{"v":16.25,"d":"$16.25"},{"v":25,"d":"$25.00"},{"v":25,"d":"$25.00"},{"v":41.25,"d":"$41.3"},{"v":41.25,"d":"$41"}]
[{"$f":"IF(I62<>\"\",1+MAX($A$6:A61),\"\")","v":37},"P-2.0","P-2.0",null,"1/2\" Dia To 3/4\" Dia Transition Tee",3,{"v":0,"d":"0%"},3,"EA",{"v":14.3,"d":"$14.3"},{"v":42.900000000000006,"d":"$42.90"},{"v":22,"d":"$22.00"},{"v":66,"d":"$66.00"},{"v":36.3,"d":"$36.3"},{"v":108.89999999999999,"d":"$109"}]
[{"$f":"IF(I63<>\"\",1+MAX($A$6:A62),\"\")","v":38},"P-2.0","P-2.0",null,"1 1/4\" Dia To 3/4\" Dia Transition Tee",4,{"v":0,"d":"0%"},4,"EA",{"v":19.5,"d":"$19.5"},{"v":78,"d":"$78.00"},{"v":30,"d":"$30.00"},{"v":120,"d":"$120.00"},{"v":49.5,"d":"$49.5"},{"v":198,"d":"$198"}]
[{"$f":"IF(I64<>\"\",1+MAX($A$6:A63),\"\")","v":39},"P-2.0","P-2.0",null,"1 1/4\" Dia To 1\" Dia Transition Tee",2,{"v":0,"d":"0%"},2,"EA",{"v":18.2,"d":"$18.2"},{"v":36.4,"d":"$36.40"},{"v":28,"d":"$28.00"},{"v":56,"d":"$56.00"},{"v":46.2,"d":"$46.2"},{"v":92.4,"d":"$92"}]
[{"$f":"IF(I65<>\"\",1+MAX($A$6:A64),\"\")","v":40},"P-2.0","P-2.0",null,"1 1/4\" Dia To 1 1/2\" Dia Transition Tee",2,{"v":0,"d":"0%"},2,"EA",{"v":18.2,"d":"$18.2"},{"v":36.4,"d":"$36.40"},{"v":28,"d":"$28.00"},{"v":56,"d":"$56.00"},{"v":46.2,"d":"$46.2"},{"v":92.4,"d":"$92"}]
[{"$f":"IF(I66<>\"\",1+MAX($A$6:A65),\"\")","v":41},"P-2.0","P-2.0",null,"1\" Dia To 3/4\" Dia Transition Tee",2,{"v":0,"d":"0%"},2,"EA",{"v":18.2,"d":"$18.2"},{"v":36.4,"d":"$36.40"},{"v":28,"d":"$28.00"},{"v":56,"d":"$56.00"},{"v":46.2,"d":"$46.2"},{"v":92.4,"d":"$92"}]
[{"$f":"IF(I67<>\"\",1+MAX($A$6:A66),\"\")","v":42},"P-2.0","P-2.0",null,"1\" Dia To 3/4\"&1/2\" Dia Transition Tee",1,{"v":0,"d":"0%"},1,"EA",{"v":16.25,"d":"$16.3"},{"v":16.25,"d":"$16.25"},{"v":25,"d":"$25.00"},{"v":25,"d":"$25.00"},{"v":41.25,"d":"$41.3"},{"v":41.25,"d":"$41"}]
[{"$f":"IF(I68<>\"\",1+MAX($A$6:A67),\"\")","v":43},"P-2.0","P-2.0",null,"1\" Dia To 3/4\"&1 1/4\" Dia Transition Tee",1,{"v":0,"d":"0%"},1,"EA",{"v":16.25,"d":"$16.3"},{"v":16.25,"d":"$16.25"},{"v":25,"d":"$25.00"},{"v":25,"d":"$25.00"},{"v":41.25,"d":"$41.3"},{"v":41.25,"d":"$41"}]
[{"$f":"IF(I69<>\"\",1+MAX($A$6:A68),\"\")","v":44},"P-2.0","P-2.0",null,"1 1/4\" Dia Tee",3,{"v":0,"d":"0%"},3,"EA",{"v":18.2,"d":"$18.2"},{"v":54.599999999999994,"d":"$54.60"},{"v":28,"d":"$28.00"},{"v":84,"d":"$84.00"},{"v":46.2,"d":"$46.2"},{"v":138.60000000000002,"d":"$139"}]
[{"$f":"IF(I70<>\"\",1+MAX($A$6:A69),\"\")","v":45},"P-2.0","P-2.0",null,"3/4\" Dia Tee",11,{"v":0,"d":"0%"},11,"EA",{"v":16.25,"d":"$16.3"},{"v":178.75,"d":"$178.75"},{"v":25,"d":"$25.00"},{"v":275,"d":"$275.00"},{"v":41.25,"d":"$41.3"},{"v":453.75,"d":"$454"}]
[{"$f":"IF(I71<>\"\",1+MAX($A$6:A70),\"\")","v":""}]
[{"$f":"IF(I72<>\"\",1+MAX($A$6:A71),\"\")","v":""},{"$nulls":3},"WASTE"]
[{"$f":"IF(I73<>\"\",1+MAX($A$6:A72),\"\")","v":46},"P-3.0","P-3.0",null,"1 1/2\" Dia 45 Degree Elbow",6,{"v":0,"d":"0%"},{"$f":"F73*(1+G73)","v":6},"EA",{"v":13,"d":"$13.0"},{"$f":"J73*H73","v":{"v":78,"d":"$78.00"}},{"v":20,"d":"$20.00"},{"$f":"L73*H73","v":{"v":120,"d":"$120.00"}},{"$f":"J73+L73","v":{"v":33,"d":"$33.0"}},{"$f":"N73*H73","v":{"v":198,"d":"$198"}}]
[{"$f":"IF(I74<>\"\",1+MAX($A$6:A73),\"\")","v":47},"P-3.0","P-3.0",null,"1 1/2\" Dia 90 Degree Elbow",1,{"v":0,"d":"0%"},1,"EA",{"v":13,"d":"$13.0"},{"v":13,"d":"$13.00"},{"v":20,"d":"$20.00"},{"v":20,"d":"$20.00"},{"v":33,"d":"$33.0"},{"v":33,"d":"$33"}]
[{"$f":"IF(I75<>\"\",1+MAX($A$6:A74),\"\")","v":48},"P-3.0","P-3.0",null,"2\" Dia 45 Degree Elbow",8,{"v":0,"d":"0%"},8,"EA",{"v":19.5,"d":"$19.5"},{"v":156,"d":"$156.00"},{"v":30,"d":"$30.00"},{"v":240,"d":"$240.00"},{"v":49.5,"d":"$49.5"},{"v":396,"d":"$396"}]
[{"$f":"IF(I76<>\"\",1+MAX($A$6:A75),\"\")","v":49},"P-3.0","P-3.0",null,"2\" Dia 90 Degree Elbow",2,{"v":0,"d":"0%"},2,"EA",{"v":19.5,"d":"$19.5"},{"v":39,"d":"$39.00"},{"v":30,"d":"$30.00"},{"v":60,"d":"$60.00"},{"v":49.5,"d":"$49.5"},{"v":99,"d":"$99"}]
[{"$f":"IF(I77<>\"\",1+MAX($A$6:A76),\"\")","v":50},"P-3.0","P-3.0",null,"3\" Dia 45 Degree Elbow",10,{"v":0,"d":"0%"},10,"EA",{"v":22.75,"d":"$22.8"},{"v":227.5,"d":"$227.50"},{"v":35,"d":"$35.00"},{"v":350,"d":"$350.00"},{"v":57.75,"d":"$57.8"},{"v":577.5,"d":"$578"}]
[{"$f":"IF(I78<>\"\",1+MAX($A$6:A77),\"\")","v":51},"P-3.0","P-3.0",null,"2\" Dia Wye",1,{"v":0,"d":"0%"},1,"EA",{"v":20.8,"d":"$20.8"},{"v":20.8,"d":"$20.80"},{"v":32,"d":"$32.00"},{"v":32,"d":"$32.00"},{"v":52.8,"d":"$52.8"},{"v":52.8,"d":"$53"}]
[{"$f":"IF(I79<>\"\",1+MAX($A$6:A78),\"\")","v":52},"P-3.0","P-3.0",null,"3\" Dia Wye",7,{"v":0,"d":"0%"},7,"EA",{"v":24.7,"d":"$24.7"},{"v":172.9,"d":"$172.90"},{"v":38,"d":"$38.00"},{"v":266,"d":"$266.00"},{"v":62.7,"d":"$62.7"},{"v":438.90000000000003,"d":"$439"}]
[{"$f":"IF(I80<>\"\",1+MAX($A$6:A79),\"\")","v":53},"P-3.0","P-3.0",null,"3\" Dia To 2\" Dia Transition Wye",9,{"v":0,"d":"0%"},9,"EA",{"v":24.7,"d":"$24.7"},{"v":222.29999999999998,"d":"$222.30"},{"v":38,"d":"$38.00"},{"v":342,"d":"$342.00"},{"v":62.7,"d":"$62.7"},{"v":564.3000000000001,"d":"$564"}]
[{"$f":"IF(I81<>\"\",1+MAX($A$6:A80),\"\")","v":""}]
[{"$f":"IF(I82<>\"\",1+MAX($A$6:A81),\"\")","v":""},{"$nulls":3},"GAS"]
[{"$f":"IF(I83<>\"\",1+MAX($A$6:A82),\"\")","v":54},"P-2.0","P-2.0",null,"1\" Dia 90 Degree Elbow",1,{"v":0,"d":"0%"},{"$f":"F83*(1+G83)","v":1},"EA",{"v":22.1,"d":"$22.1"},{"$f":"J83*H83","v":{"v":22.1,"d":"$22.10"}},{"v":34,"d":"$34.00"},{"$f":"L83*H83","v":{"v":34,"d":"$34.00"}},{"$f":"J83+L83","v":{"v":56.1,"d":"$56.1"}},{"$f":"N83*H83","v":{"v":56.1,"d":"$56"}}]
[{"$f":"IF(I84<>\"\",1+MAX($A$6:A83),\"\")","v":55},"P-2.0","P-2.0",null,"1 1/4\" Dia 90 Degree Elbow",1,{"v":0,"d":"0%"},1,"EA",{"v":24.7,"d":"$24.7"},{"v":24.7,"d":"$24.70"},{"v":38,"d":"$38.00"},{"v":38,"d":"$38.00"},{"v":62.7,"d":"$62.7"},{"v":62.7,"d":"$63"}]
[{"$f":"IF(I85<>\"\",1+MAX($A$6:A84),\"\")","v":56},"P-2.0","P-2.0",null,"1/2\" Dia 90 Degree Elbow",3,{"v":0,"d":"0%"},3,"EA",{"v":18.2,"d":"$18.2"},{"v":54.599999999999994,"d":"$54.60"},{"v":28,"d":"$28.00"},{"v":84,"d":"$84.00"},{"v":46.2,"d":"$46.2"},{"v":138.60000000000002,"d":"$139"}]
[{"$f":"IF(I86<>\"\",1+MAX($A$6:A85),\"\")","v":57},"P-2.0","P-2.0",null,"2\" Dia 90 Degree Elbow",3,{"v":0,"d":"0%"},3,"EA",{"v":29.25,"d":"$29.3"},{"v":87.75,"d":"$87.75"},{"v":45,"d":"$45.00"},{"v":135,"d":"$135.00"},{"v":74.25,"d":"$74.3"},{"v":222.75,"d":"$223"}]
[{"$f":"IF(I87<>\"\",1+MAX($A$6:A86),\"\")","v":58},"P-2.0","P-2.0",null,"3/4\" Dia 90 Degree Elbow",1,{"v":0,"d":"0%"},1,"EA",{"v":19.5,"d":"$19.5"},{"v":19.5,"d":"$19.50"},{"v":30,"d":"$30.00"},{"v":30,"d":"$30.00"},{"v":49.5,"d":"$49.5"},{"v":49.5,"d":"$50"}]
[{"$f":"IF(I88<>\"\",1+MAX($A$6:A87),\"\")","v":59},"P-2.0","P-2.0",null,"3/4\" Dia To 1/2\" Dia 90 Degree Elbow",1,{"v":0,"d":"0%"},1,"EA",{"v":19.5,"d":"$19.5"},{"v":19.5,"d":"$19.50"},{"v":30,"d":"$30.00"},{"v":30,"d":"$30.00"},{"v":49.5,"d":"$49.5"},{"v":49.5,"d":"$50"}]
[{"$f":"IF(I89<>\"\",1+MAX($A$6:A88),\"\")","v":60},"P-2.0","P-2.0",null,"1\" Dia To 1 1/4\" Dia Transition Tee",1,{"v":0,"d":"0%"},1,"EA",{"v":27.3,"d":"$27.3"},{"v":27.3,"d":"$27.30"},{"v":42,"d":"$42.00"},{"v":42,"d":"$42.00"},{"v":69.3,"d":"$69.3"},{"v":69.3,"d":"$69"}]
[{"$f":"IF(I90<>\"\",1+MAX($A$6:A89),\"\")","v":61},"P-2.0","P-2.0",null,"1/2\" Dia To 3/4\" Dia Transition Tee",2,{"v":0,"d":"0%"},2,"EA",{"v":21.45,"d":"$21.5"},{"v":42.9,"d":"$42.90"},{"v":33,"d":"$33.00"},{"v":66,"d":"$66.00"},{"v":54.45,"d":"$54.5"},{"v":108.9,"d":"$109"}]
[{"$f":"IF(I91<>\"\",1+MAX($A$6:A90),\"\")","v":62},"P-2.0","P-2.0",null,"2 1/2\" Dia To 3/4\" Dia Transition Tee",4,{"v":0,"d":"0%"},4,"EA",{"v":35.75,"d":"$35.8"},{"v":143,"d":"$143.00"},{"v":55,"d":"$55.00"},{"v":220,"d":"$220.00"},{"v":90.75,"d":"$90.8"},{"v":363,"d":"$363"}]
[{"$f":"IF(I92<>\"\",1+MAX($A$6:A91),\"\")","v":63},"P-2.0","P-2.0",null,"2\" Dia To 1\" & 1 1/2\" Dia Transition Tee",1,{"v":0,"d":"0%"},1,"EA",{"v":32.5,"d":"$32.5"},{"v":32.5,"d":"$32.50"},{"v":50,"d":"$50.00"},{"v":50,"d":"$50.00"},{"v":82.5,"d":"$82.5"},{"v":82.5,"d":"$83"}]
[{"$f":"IF(I93<>\"\",1+MAX($A$6:A92),\"\")","v":64},"P-2.0","P-2.0",null,"2 1/2\" Dia To 1 1/4\" Dia Transition Tee",1,{"v":0,"d":"0%"},1,"EA",{"v":35.75,"d":"$35.8"},{"v":35.75,"d":"$35.75"},{"v":55,"d":"$55.00"},{"v":55,"d":"$55.00"},{"v":90.75,"d":"$90.8"},{"v":90.75,"d":"$91"}]
[{"$f":"IF(I94<>\"\",1+MAX($A$6:A93),\"\")","v":65},"P-2.0","P-2.0",null,"2 1/2\" Dia To 3/4\" & 2\" Dia Transition Tee",1,{"v":0,"d":"0%"},1,"EA",{"v":35.75,"d":"$35.8"},{"v":35.75,"d":"$35.75"},{"v":55,"d":"$55.00"},{"v":55,"d":"$55.00"},{"v":90.75,"d":"$90.8"},{"v":90.75,"d":"$91"}]
[{"$f":"IF(I95<>\"\",1+MAX($A$6:A94),\"\")","v":""}]
[{"$f":"IF(I96<>\"\",1+MAX($A$6:A95),\"\")","v":""},{"$nulls":3},"FIXTUERS"]
[{"$f":"IF(I97<>\"\",1+MAX($A$6:A96),\"\")","v":66},"P-3.0","P-3.0",null,"Shower Heads",1,{"v":0,"d":"0%"},{"$f":"F97*(1+G97)","v":1},"EA",{"v":10.799999999999999,"d":"$10.8"},{"$f":"J97*H97","v":{"v":10.799999999999999,"d":"$10.80"}},{"v":45,"d":"$45.00"},{"$f":"L97*H97","v":{"v":45,"d":"$45.00"}},{"$f":"J97+L97","v":{"v":55.8,"d":"$55.8"}},{"$f":"N97*H97","v":{"v":55.8,"d":"$56"}}]
[{"$f":"IF(I98<>\"\",1+MAX($A$6:A97),\"\")","v":67},"P-3.0","P-3.0",null,"Kitchen Sink w/ Faucet",2,{"v":0,"d":"0%"},2,"EA",{"v":144,"d":"$144.0"},{"v":288,"d":"$288.00"},{"v":600,"d":"$600.00"},{"v":1200,"d":"$1,200.00"},{"v":744,"d":"$744.0"},{"v":1488,"d":"$1,488"}]
[{"$f":"IF(I99<>\"\",1+MAX($A$6:A98),\"\")","v":68},"P-3.0","P-3.0",null,"4\" Floor Cleanout",1,{"v":0,"d":"0%"},1,"EA",{"v":19.2,"d":"$19.2"},{"v":19.2,"d":"$19.20"},{"v":80,"d":"$80.00"},{"v":80,"d":"$80.00"},{"v":99.2,"d":"$99.2"},{"v":99.2,"d":"$99"}]
[{"$f":"IF(I100<>\"\",1+MAX($A$6:A99),\"\")","v":69},"P-3.0","P-3.0",null,"3\" Floor Cleanout",2,{"v":0,"d":"0%"},2,"EA",{"v":16.8,"d":"$16.8"},{"v":33.6,"d":"$33.60"},{"v":70,"d":"$70.00"},{"v":140,"d":"$140.00"},{"v":86.8,"d":"$86.8"},{"v":173.6,"d":"$174"}]
[{"$f":"IF(I101<>\"\",1+MAX($A$6:A100),\"\")","v":70},"P-3.0","P-3.0",null,"Hose Bibb (Each Additional)",3,{"v":0,"d":"0%"},3,"EA",{"v":4.8,"d":"$4.8"},{"v":14.399999999999999,"d":"$14.40"},{"v":20,"d":"$20.00"},{"v":60,"d":"$60.00"},{"v":24.8,"d":"$24.8"},{"v":74.4,"d":"$74"}]
[{"$f":"IF(I102<>\"\",1+MAX($A$6:A101),\"\")","v":71},"P-3.0","P-3.0",null,"Shower Fixture Control Valve",3,{"v":0,"d":"0%"},3,"EA",{"v":23.8,"d":"$23.8"},{"v":71.4,"d":"$71.40"},{"v":70,"d":"$70.00"},{"v":210,"d":"$210.00"},{"v":93.8,"d":"$93.8"},{"v":281.4,"d":"$281"}]
[{"$f":"IF(I103<>\"\",1+MAX($A$6:A102),\"\")","v":72},"P-3.0","P-3.0",null,"(5'-10\"X3'-0\") Curb less Shower Enclosure w/ Shower Heads",2,{"v":0,"d":"0%"},2,"EA",{"v":392.4756000000001,"d":"$392.5"},{"v":784.9512000000002,"d":"$784.95"},{"v":1154.3400000000001,"d":"$1,154.34"},{"v":2308.6800000000003,"d":"$2,308.68"},{"$f":"J103+L103","v":{"v":1546.8156000000004,"d":"$1,546.8"}},{"v":3093.6312000000007,"d":"$3,094"}]
[{"$f":"IF(I104<>\"\",1+MAX($A$6:A103),\"\")","v":73},"P-3.0","P-3.0",null,"(10'X6') Curb less Shower Enclosure w/ Shower Heads",1,{"v":0,"d":"0%"},1,"EA",{"v":1346.4,"d":"$1,346.4"},{"v":1346.4,"d":"$1,346.40"},{"v":3960,"d":"$3,960.00"},{"v":3960,"d":"$3,960.00"},{"v":5306.4,"d":"$5,306.4"},{"v":5306.4,"d":"$5,306"}]
[{"$f":"IF(I105<>\"\",1+MAX($A$6:A104),\"\")","v":74},"P-3.0","P-3.0",null,"Water Closet Tank Type 1.28 Gallon",4,{"v":0,"d":"0%"},4,"EA",{"v":311.1,"d":"$311.1"},{"v":1244.4,"d":"$1,244.40"},{"v":915,"d":"$915.00"},{"v":3660,"d":"$3,660.00"},{"v":1226.1,"d":"$1,226.1"},{"v":4904.4,"d":"$4,904"}]
[{"$f":"IF(I106<>\"\",1+MAX($A$6:A105),\"\")","v":75},"P-3.0","P-3.0",null,"(3'-3\"x6'-6 1/2\") Free Standing Bathtub",1,{"v":0,"d":"0%"},1,"EA",{"v":1472.4125000000001,"d":"$1,472.4"},{"v":1472.4125000000001,"d":"$1,472.41"},{"v":4330.625,"d":"$4,330.63"},{"v":4330.625,"d":"$4,330.63"},{"$f":"J106+L106","v":{"v":5803.0375,"d":"$5,803.0"}},{"v":5803.0375,"d":"$5,803"}]
[{"$f":"IF(I107<>\"\",1+MAX($A$6:A106),\"\")","v":76},"P-3.0","P-3.0",null,"Under Mount Lavatory w/ 1.2 GPM Faucet",6,{"v":0,"d":"0%"},6,"EA",{"v":191.08,"d":"$191.1"},{"v":1146.48,"d":"$1,146.48"},{"v":562,"d":"$562.00"},{"v":3372,"d":"$3,372.00"},{"$f":"J107+L107","v":{"v":753.08,"d":"$753.1"}},{"v":4518.4800000000005,"d":"$4,518"}]
[{"$f":"IF(I108<>\"\",1+MAX($A$6:A107),\"\")","v":77},"P-3.0","P-3.0",null,"WH1 - Tankless Water Heater, BTU/HR: 199900, Manufacturer: Rheem",1,{"v":0,"d":"0%"},1,"EA",{"v":510.00000000000006,"d":"$510.0"},{"v":510.00000000000006,"d":"$510.00"},{"v":1500,"d":"$1,500.00"},{"v":1500,"d":"$1,500.00"},{"v":2010,"d":"$2,010.0"},{"v":2010,"d":"$2,010"}]
[{"$f":"IF(I109<>\"\",1+MAX($A$6:A108),\"\")","v":""}]
[{"$f":"IF(I110<>\"\",1+MAX($A$6:A109),\"\")","v":""},{"$nulls":3},"VALVES"]
[{"$f":"IF(I111<>\"\",1+MAX($A$6:A110),\"\")","v":78},"P-2.1","P-2.1",null,"1 1/4\" Dia Shut Off Valve",3,{"v":0,"d":"0%"},3,"EA",{"v":19.720000000000002,"d":"$19.7"},{"v":59.16000000000001,"d":"$59.16"},{"v":58,"d":"$58.00"},{"v":174,"d":"$174.00"},{"$f":"J111+L111","v":{"v":77.72,"d":"$77.7"}},{"v":233.16,"d":"$233"}]
[{"$f":"IF(I112<>\"\",1+MAX($A$6:A111),\"\")","v":79},"P-2.1","P-2.1",null,"1/2\" Dia Shut Off Valve",2,{"v":0,"d":"0%"},2,"EA",{"v":10.88,"d":"$10.9"},{"v":21.76,"d":"$21.76"},{"v":32,"d":"$32.00"},{"v":64,"d":"$64.00"},{"v":42.88,"d":"$42.9"},{"v":85.76,"d":"$86"}]
[{"$f":"IF(I113<>\"\",1+MAX($A$6:A112),\"\")","v":80},"P-2.1","P-2.1",null,"2 1/2\" Dia Shut Off Valve",1,{"v":0,"d":"0%"},1,"EA",{"v":37.74,"d":"$37.7"},{"v":37.74,"d":"$37.74"},{"v":111,"d":"$111.00"},{"v":111,"d":"$111.00"},{"v":148.74,"d":"$148.7"},{"v":148.74,"d":"$149"}]
[{"$f":"IF(I114<>\"\",1+MAX($A$6:A113),\"\")","v":81},"P-2.1","P-2.1",null,"3/4\" Dia Shut Off Valve",2,{"v":0,"d":"0%"},2,"EA",{"v":14.96,"d":"$15.0"},{"v":29.92,"d":"$29.92"},{"v":44,"d":"$44.00"},{"v":88,"d":"$88.00"},{"v":58.96,"d":"$59.0"},{"v":117.92,"d":"$118"}]
[{"$f":"IF(I115<>\"\",1+MAX($A$6:A114),\"\")","v":""}]
[{"$f":"IF(I116<>\"\",1+MAX($A$6:A115),\"\")","v":""},null,null,"DIV. 23","HEAT VENTILATION & AIR CONDITIONING",{"$nulls":10},{"$f":"SUM(O120:O171)","v":{"v":26143.832,"d":"$26,144"}}]
[{"$f":"IF(I117<>\"\",1+MAX($A$6:A116),\"\")","v":""}]
[{"$f":"IF(I118<>\"\",1+MAX($A$6:A117),\"\")","v":""},{"$nulls":3},"MECHANICAL DUCTS",null,"ALL DUCTS ARE STEEL GALVANIZED "]
[{"$f":"IF(I119<>\"\",1+MAX($A$6:A118),\"\")","v":""}]
[{"$f":"IF(I120<>\"\",1+MAX($A$6:A119),\"\")","v":82},"M-2.0","M-2.0",null,"6\" Dia Mechanical Duct",{"v":20.47,"d":"20"},{"v":0.1,"d":"10%"},{"$f":"F120*(1+G120)","v":{"v":22.517,"d":"23"}},"LF",{"v":4.62,"d":"$4.6"},{"$f":"J120*H120","v":{"v":104.02854,"d":"$104.03"}},{"v":6.38,"d":"$6.38"},{"$f":"L120*H120","v":{"v":143.65846,"d":"$143.66"}},{"v":11,"d":"$11.0"},{"$f":"N120*H120","v":{"v":247.68699999999998,"d":"$248"}}]
[{"$f":"IF(I121<>\"\",1+MAX($A$6:A120),\"\")","v":83},"M-2.0","M-2.0",null,"7\" Dia Mechanical Duct",{"v":1.99,"d":"2"},{"v":0.1,"d":"10%"},{"v":2.189,"d":"2"},"LF",{"v":5.46,"d":"$5.5"},{"v":11.95194,"d":"$11.95"},{"v":7.539999999999999,"d":"$7.54"},{"v":16.50506,"d":"$16.51"},{"v":13,"d":"$13.0"},{"v":28.457,"d":"$28"}]
[{"$f":"IF(I122<>\"\",1+MAX($A$6:A121),\"\")","v":84},"M-2.0","M-2.0",null,"8\" Dia Mechanical Duct",{"v":105.72,"d":"106"},{"v":0.1,"d":"10%"},{"v":116.292,"d":"116"},"LF",{"v":6.3,"d":"$6.3"},{"v":732.6396,"d":"$732.64"},{"v":8.7,"d":"$8.70"},{"v":1011.7403999999999,"d":"$1,011.74"},{"v":15,"d":"$15.0"},{"v":1744.38,"d":"$1,744"}]
[{"$f":"IF(I123<>\"\",1+MAX($A$6:A122),\"\")","v":85},"M-2.0","M-2.0",null,"9\" Dia Mechanical Duct",{"v":21.85,"d":"22"},{"v":0.1,"d":"10%"},{"v":24.035000000000004,"d":"24"},"LF",{"v":7.14,"d":"$7.1"},{"v":171.6099,"d":"$171.61"},{"v":9.86,"d":"$9.86"},{"v":236.98510000000002,"d":"$236.99"},{"v":17,"d":"$17.0"},{"v":408.5950000000001,"d":"$409"}]
[{"$f":"IF(I124<>\"\",1+MAX($A$6:A123),\"\")","v":86},"M-2.0","M-2.0",null,"10\" Dia Mechanical Duct",{"v":25.43,"d":"25"},{"v":0.1,"d":"10%"},{"v":27.973000000000003,"d":"28"},"LF",{"v":7.9799999999999995,"d":"$8.0"},{"v":223.22454000000002,"d":"$223.22"},{"v":11.02,"d":"$11.02"},{"v":308.26246000000003,"d":"$308.26"},{"v":19,"d":"$19.0"},{"v":531.4870000000001,"d":"$531"}]
[{"$f":"IF(I125<>\"\",1+MAX($A$6:A124),\"\")","v":87},"M-2.0","M-2.0",null,"12\" Dia Mechanical Duct",{"v":66.41,"d":"66"},{"v":0.1,"d":"10%"},{"v":73.051,"d":"73"},"LF",{"v":9.24,"d":"$9.2"},{"v":674.9912400000001,"d":"$674.99"},{"v":12.76,"d":"$12.76"},{"v":932.13076,"d":"$932.13"},{"v":22,"d":"$22.0"},{"v":1607.122,"d":"$1,607"}]
[{"$f":"IF(I126<>\"\",1+MAX($A$6:A125),\"\")","v":88},"M-2.0","M-2.0",null,"14\" Dia Mechanical Duct",{"v":28.3,"d":"28"},{"v":0.1,"d":"10%"},{"v":31.130000000000003,"d":"31"},"LF",{"v":10.5,"d":"$10.5"},{"v":326.865,"d":"$326.87"},{"v":14.499999999999998,"d":"$14.50"},{"v":451.385,"d":"$451.39"},{"v":25,"d":"$25.0"},{"v":778.2500000000001,"d":"$778"}]
[{"$f":"IF(I127<>\"\",1+MAX($A$6:A126),\"\")","v":89},"M-2.0","M-2.0",null,"18\" Dia Mechanical Duct",{"v":1.42,"d":"1"},{"v":0.1,"d":"10%"},{"v":1.562,"d":"2"},"LF",{"v":11.76,"d":"$11.8"},{"v":18.36912,"d":"$18.37"},{"v":16.24,"d":"$16.24"},{"v":25.36688,"d":"$25.37"},{"v":28,"d":"$28.0"},{"v":43.736000000000004,"d":"$44"}]
[{"$f":"IF(I128<>\"\",1+MAX($A$6:A127),\"\")","v":90},"M-2.0","M-2.0",null,"20\" Dia Mechanical Duct",{"v":14.44,"d":"14"},{"v":0.1,"d":"10%"},{"v":15.884,"d":"16"},"LF",{"v":13.44,"d":"$13.4"},{"v":213.48096,"d":"$213.48"},{"v":18.56,"d":"$18.56"},{"v":294.80704,"d":"$294.81"},{"v":32,"d":"$32.0"},{"v":508.288,"d":"$508"}]
[{"$f":"IF(I129<>\"\",1+MAX($A$6:A128),\"\")","v":91},"M-2.0","M-2.0,M1.1",null,"4\" Dia Duct - 3'-0\" LF",3,{"v":0.1,"d":"10%"},{"$f":"F129*(1+G129)","v":{"v":3.3000000000000003,"d":"3"}},"LF",{"v":3.78,"d":"$3.8"},{"$f":"J129*H129","v":{"v":12.474,"d":"$12.47"}},{"v":5.22,"d":"$5.22"},{"$f":"L129*H129","v":{"v":17.226,"d":"$17.23"}},{"v":9,"d":"$9.0"},{"$f":"N129*H129","v":{"v":29.700000000000003,"d":"$30"}}]
[{"$f":"IF(I130<>\"\",1+MAX($A$6:A129),\"\")","v":92},"M-2.0","M-2.0,M1.1",null,"4\" Dia Duct Up Through Roof",30,{"v":0.1,"d":"10%"},{"$f":"F130*(1+G130)","v":33},"LF",{"v":3.78,"d":"$3.8"},{"$f":"J130*H130","v":{"v":124.74,"d":"$124.74"}},{"v":5.22,"d":"$5.22"},{"$f":"L130*H130","v":{"v":172.26,"d":"$172.26"}},{"v":9,"d":"$9.0"},{"$f":"N130*H130","v":{"v":297,"d":"$297"}}]
[{"$f":"IF(I131<>\"\",1+MAX($A$6:A130),\"\")","v":93},"M-2.0","M-2.0,M1.1",null,"6\" Dia Duct Up Through Roof",40,{"v":0.1,"d":"10%"},{"$f":"F131*(1+G131)","v":44},"LF",{"v":4.62,"d":"$4.6"},{"$f":"J131*H131","v":{"v":203.28,"d":"$203.28"}},{"v":6.38,"d":"$6.38"},{"$f":"L131*H131","v":{"v":280.71999999999997,"d":"$280.72"}},{"v":11,"d":"$11.0"},{"$f":"N131*H131","v":{"v":484,"d":"$484"}}]
[{"$f":"IF(I132<>\"\",1+MAX($A$6:A131),\"\")","v":""}]
[{"$f":"IF(I133<>\"\",1+MAX($A$6:A132),\"\")","v":""},{"$nulls":3},"DUCTS BENDS / FITTINGS"]
[{"$f":"IF(I134<>\"\",1+MAX($A$6:A133),\"\")","v":94},"M-2.0","M-2.0",null,"6\" Dia 45 Degree Bend",2,{"v":0,"d":"0%"},{"$f":"F134*(1+G134)","v":2},"EA",{"v":9.75,"d":"$9.8"},{"$f":"J134*H134","v":{"v":19.5,"d":"$19.50"}},{"v":15,"d":"$15.00"},{"$f":"L134*H134","v":{"v":30,"d":"$30.00"}},{"$f":"J134+L134","v":{"v":24.75,"d":"$24.8"}},{"$f":"N134*H134","v":{"v":49.5,"d":"$50"}}]
[{"$f":"IF(I135<>\"\",1+MAX($A$6:A134),\"\")","v":95},"M-2.0","M-2.0",null,"8\" Dia 45 Degree Bend",17,{"v":0,"d":"0%"},17,"EA",{"v":13,"d":"$13.0"},{"v":221,"d":"$221.00"},{"v":20,"d":"$20.00"},{"v":340,"d":"$340.00"},{"v":33,"d":"$33.0"},{"v":561,"d":"$561"}]
[{"$f":"IF(I136<>\"\",1+MAX($A$6:A135),\"\")","v":96},"M-2.0","M-2.0",null,"9\" Dia 45 Degree Bend",2,{"v":0,"d":"0%"},2,"EA",{"v":14.3,"d":"$14.3"},{"v":28.6,"d":"$28.60"},{"v":22,"d":"$22.00"},{"v":44,"d":"$44.00"},{"v":36.3,"d":"$36.3"},{"v":72.6,"d":"$73"}]
[{"$f":"IF(I137<>\"\",1+MAX($A$6:A136),\"\")","v":97},"M-2.0","M-2.0",null,"12\" Dia 45 Degree Bend",2,{"v":0,"d":"0%"},2,"EA",{"v":19.5,"d":"$19.5"},{"v":39,"d":"$39.00"},{"v":30,"d":"$30.00"},{"v":60,"d":"$60.00"},{"v":49.5,"d":"$49.5"},{"v":99,"d":"$99"}]
[{"$f":"IF(I138<>\"\",1+MAX($A$6:A137),\"\")","v":98},"M-2.0","M-2.0",null,"10\" Dia 45 Degree Bend",1,{"v":0,"d":"0%"},1,"EA",{"v":16.25,"d":"$16.3"},{"v":16.25,"d":"$16.25"},{"v":25,"d":"$25.00"},{"v":25,"d":"$25.00"},{"v":41.25,"d":"$41.3"},{"v":41.25,"d":"$41"}]
[{"$f":"IF(I139<>\"\",1+MAX($A$6:A138),\"\")","v":99},"M-2.0","M-2.0",null,"14\" Dia 45 Degree Bend",4,{"v":0,"d":"0%"},4,"EA",{"v":22.1,"d":"$22.1"},{"v":88.4,"d":"$88.40"},{"v":34,"d":"$34.00"},{"v":136,"d":"$136.00"},{"v":56.1,"d":"$56.1"},{"v":224.4,"d":"$224"}]
[{"$f":"IF(I140<>\"\",1+MAX($A$6:A139),\"\")","v":100},"M-2.0","M-2.0",null,"9\" Dia To 8\" Transition Wye",1,{"v":0,"d":"0%"},1,"EA",{"v":16.900000000000002,"d":"$16.9"},{"v":16.900000000000002,"d":"$16.90"},{"v":26,"d":"$26.00"},{"v":26,"d":"$26.00"},{"v":42.900000000000006,"d":"$42.9"},{"v":42.900000000000006,"d":"$43"}]
[{"$f":"IF(I141<>\"\",1+MAX($A$6:A140),\"\")","v":101},"M-2.0","M-2.0",null,"10\" Dia To 7\" & 9\" Transition Wye",1,{"v":0,"d":"0%"},1,"EA",{"v":19.5,"d":"$19.5"},{"v":19.5,"d":"$19.50"},{"v":30,"d":"$30.00"},{"v":30,"d":"$30.00"},{"v":49.5,"d":"$49.5"},{"v":49.5,"d":"$50"}]
[{"$f":"IF(I142<>\"\",1+MAX($A$6:A141),\"\")","v":102},"M-2.0","M-2.0",null,"12\" Dia To 6\" Transition Wye",2,{"v":0,"d":"0%"},2,"EA",{"v":22.75,"d":"$22.8"},{"v":45.5,"d":"$45.50"},{"v":35,"d":"$35.00"},{"v":70,"d":"$70.00"},{"v":57.75,"d":"$57.8"},{"v":115.5,"d":"$116"}]
[{"$f":"IF(I143<>\"\",1+MAX($A$6:A142),\"\")","v":103},"M-2.0","M-2.0",null,"12\" Dia To 8\" & 10\" Transition Wye",1,{"v":0,"d":"0%"},1,"EA",{"v":22.75,"d":"$22.8"},{"v":22.75,"d":"$22.75"},{"v":35,"d":"$35.00"},{"v":35,"d":"$35.00"},{"v":57.75,"d":"$57.8"},{"v":57.75,"d":"$58"}]
[{"$f":"IF(I144<>\"\",1+MAX($A$6:A143),\"\")","v":104},"M-2.0","M-2.0",null,"12\" Dia To 8\" Transition Wye",1,{"v":0,"d":"0%"},1,"EA",{"v":22.75,"d":"$22.8"},{"v":22.75,"d":"$22.75"},{"v":35,"d":"$35.00"},{"v":35,"d":"$35.00"},{"v":57.75,"d":"$57.8"},{"v":57.75,"d":"$58"}]
[{"$f":"IF(I145<>\"\",1+MAX($A$6:A144),\"\")","v":105},"M-2.0","M-2.0",null,"14\" Dia To 8\" & 12\" Transition Wye",1,{"v":0,"d":"0%"},1,"EA",{"v":24.7,"d":"$24.7"},{"v":24.7,"d":"$24.70"},{"v":38,"d":"$38.00"},{"v":38,"d":"$38.00"},{"v":62.7,"d":"$62.7"},{"v":62.7,"d":"$63"}]
[{"$f":"IF(I146<>\"\",1+MAX($A$6:A145),\"\")","v":106},"M-2.0","M-2.0",null,"14\" Dia To 8\" Transition Wye",4,{"v":0,"d":"0%"},4,"EA",{"v":24.7,"d":"$24.7"},{"v":98.8,"d":"$98.80"},{"v":38,"d":"$38.00"},{"v":152,"d":"$152.00"},{"v":62.7,"d":"$62.7"},{"v":250.8,"d":"$251"}]
[{"$f":"IF(I147<>\"\",1+MAX($A$6:A146),\"\")","v":107},"M-2.0","M-2.0",null,"14\" Dia To 12\" Transition Wye",1,{"v":0,"d":"0%"},1,"EA",{"v":24.7,"d":"$24.7"},{"v":24.7,"d":"$24.70"},{"v":38,"d":"$38.00"},{"v":38,"d":"$38.00"},{"v":62.7,"d":"$62.7"},{"v":62.7,"d":"$63"}]
[{"$f":"IF(I148<>\"\",1+MAX($A$6:A147),\"\")","v":""}]
[{"$f":"IF(I149<>\"\",1+MAX($A$6:A148),\"\")","v":""},{"$nulls":3},"HVAC FIXTURES / EQUIPMENTS"]
[{"$f":"IF(I150<>\"\",1+MAX($A$6:A149),\"\")","v":108},"M-2.0","M-2.0,M1.1",null,"CS3 - (10\"x6\") Vent, CFM: 53, Manufacturer: Shoe Maker",1,{"v":0,"d":"0%"},{"$f":"F150*(1+G150)","v":1},"EA",{"v":15.12,"d":"$15.1"},{"$f":"J150*H150","v":{"v":15.12,"d":"$15.12"}},{"v":36,"d":"$36.00"},{"$f":"L150*H150","v":{"v":36,"d":"$36.00"}},{"$f":"J150+L150","v":{"v":51.12,"d":"$51.1"}},{"$f":"N150*H150","v":{"v":51.12,"d":"$51"}}]
[{"$f":"IF(I151<>\"\",1+MAX($A$6:A150),\"\")","v":109},"M-2.0","M-2.0,M1.1",null,"CS3 - (10\"x6\") Vent, CFM: 72, Manufacturer: Shoe Maker",1,{"v":0,"d":"0%"},1,"EA",{"v":19.32,"d":"$19.3"},{"$f":"J151*H151","v":{"v":19.32,"d":"$19.32"}},{"v":46,"d":"$46.00"},{"$f":"L151*H151","v":{"v":46,"d":"$46.00"}},{"$f":"J151+L151","v":{"v":65.32,"d":"$65.3"}},{"v":65.32,"d":"$65"}]
[{"$f":"IF(I152<>\"\",1+MAX($A$6:A151),\"\")","v":110},"M-2.0","M-2.0,M1.1",null,"CS3 - (10\"x8\") Vent, CFM: 72, Manufacturer: Shoe Maker",1,{"v":0,"d":"0%"},1,"EA",{"v":21.84,"d":"$21.8"},{"$f":"J152*H152","v":{"v":21.84,"d":"$21.84"}},{"v":52,"d":"$52.00"},{"$f":"L152*H152","v":{"v":52,"d":"$52.00"}},{"$f":"J152+L152","v":{"v":73.84,"d":"$73.8"}},{"v":73.84,"d":"$74"}]
[{"$f":"IF(I153<>\"\",1+MAX($A$6:A152),\"\")","v":111},"M-2.0","M-2.0,M1.1",null,"CS3 - (12\"x8\") Vent, CFM: 100, Manufacturer: Shoe Maker",1,{"v":0,"d":"0%"},1,"EA",{"v":15.959999999999999,"d":"$16.0"},{"$f":"J153*H153","v":{"v":15.959999999999999,"d":"$15.96"}},{"v":38,"d":"$38.00"},{"$f":"L153*H153","v":{"v":38,"d":"$38.00"}},{"$f":"J153+L153","v":{"v":53.96,"d":"$54.0"}},{"v":53.96,"d":"$54"}]
[{"$f":"IF(I154<>\"\",1+MAX($A$6:A153),\"\")","v":112},"M-2.0","M-2.0,M1.1",null,"CS3 - (12\"x8\") Vent, CFM: 148, Manufacturer: Shoe Maker",2,{"v":0,"d":"0%"},2,"EA",{"v":22.259999999999998,"d":"$22.3"},{"$f":"J154*H154","v":{"v":44.519999999999996,"d":"$44.52"}},{"v":53,"d":"$53.00"},{"$f":"L154*H154","v":{"v":106,"d":"$106.00"}},{"$f":"J154+L154","v":{"v":75.25999999999999,"d":"$75.3"}},{"v":150.51999999999998,"d":"$151"}]
[{"$f":"IF(I155<>\"\",1+MAX($A$6:A154),\"\")","v":113},"M-2.0","M-2.0,M1.1",null,"CS3 - (12\"x8\") Vent, CFM: 167, Manufacturer: Shoe Maker",1,{"v":0,"d":"0%"},1,"EA",{"v":26.04,"d":"$26.0"},{"$f":"J155*H155","v":{"v":26.04,"d":"$26.04"}},{"v":62,"d":"$62.00"},{"$f":"L155*H155","v":{"v":62,"d":"$62.00"}},{"v":88.03999999999999,"d":"$88.0"},{"v":88.03999999999999,"d":"$88"}]
[{"$f":"IF(I156<>\"\",1+MAX($A$6:A155),\"\")","v":114},"M-2.0","M-2.0,M1.1",null,"CS3 - (12\"x8\") Vent, CFM: 171, Manufacturer: Shoe Maker",1,{"v":0,"d":"0%"},1,"EA",{"v":27.3,"d":"$27.3"},{"v":27.3,"d":"$27.30"},{"v":65,"d":"$65.00"},{"v":65,"d":"$65.00"},{"v":92.3,"d":"$92.3"},{"v":92.3,"d":"$92"}]
[{"$f":"IF(I157<>\"\",1+MAX($A$6:A156),\"\")","v":115},"M-2.0","M-2.0,M1.1",null,"CS3 - (12\"x8\") Vent, CFM: 179, Manufacturer: Shoe Maker",1,{"v":0,"d":"0%"},1,"EA",{"v":30.24,"d":"$30.2"},{"$f":"J157*H157","v":{"v":30.24,"d":"$30.24"}},{"v":72,"d":"$72.00"},{"$f":"L157*H157","v":{"v":72,"d":"$72.00"}},{"$f":"J157+L157","v":{"v":102.24,"d":"$102.2"}},{"v":102.24,"d":"$102"}]
[{"$f":"IF(I158<>\"\",1+MAX($A$6:A157),\"\")","v":116},"M-2.0","M-2.0,M1.1",null,"CS3 - (14\"x8\") Vent, CFM: 208, Manufacturer: Shoe Maker",5,{"v":0,"d":"0%"},5,"EA",{"v":31.5,"d":"$31.5"},{"v":157.5,"d":"$157.50"},{"v":75,"d":"$75.00"},{"v":375,"d":"$375.00"},{"$f":"J158+L158","v":{"v":106.5,"d":"$106.5"}},{"v":532.5,"d":"$533"}]
[{"$f":"IF(I159<>\"\",1+MAX($A$6:A158),\"\")","v":117},"M-2.0","M-2.0,M1.1",null,"CS3 - (14\"x8\") Vent, CFM: 210, Manufacturer: Shoe Maker",2,{"v":0,"d":"0%"},2,"EA",{"v":35.699999999999996,"d":"$35.7"},{"v":71.39999999999999,"d":"$71.40"},{"v":85,"d":"$85.00"},{"v":170,"d":"$170.00"},{"v":120.69999999999999,"d":"$120.7"},{"v":241.39999999999998,"d":"$241"}]
[{"$f":"IF(I160<>\"\",1+MAX($A$6:A159),\"\")","v":118},"M-2.0","M-2.0,M1.1",null,"CS3 - (14\"x8\") Vent, CFM: 232, Manufacturer: Shoe Maker",1,{"v":0,"d":"0%"},1,"EA",{"v":41.16,"d":"$41.2"},{"$f":"J160*H160","v":{"v":41.16,"d":"$41.16"}},{"v":98,"d":"$98.00"},{"$f":"L160*H160","v":{"v":98,"d":"$98.00"}},{"$f":"J160+L160","v":{"v":139.16,"d":"$139.2"}},{"v":139.16,"d":"$139"}]
[{"$f":"IF(I161<>\"\",1+MAX($A$6:A160),\"\")","v":119},"M-2.0","M-2.0,M1.1",null,"CS3 - (14\"x8\") Vent, CFM: 296, Manufacturer: Shoe Maker",1,{"v":0,"d":"0%"},1,"EA",{"v":49.559999999999995,"d":"$49.6"},{"$f":"J161*H161","v":{"v":49.559999999999995,"d":"$49.56"}},{"v":118,"d":"$118.00"},{"$f":"L161*H161","v":{"v":118,"d":"$118.00"}},{"$f":"J161+L161","v":{"v":167.56,"d":"$167.6"}},{"v":167.56,"d":"$168"}]
[{"$f":"IF(I162<>\"\",1+MAX($A$6:A161),\"\")","v":120},"M-2.0","M-2.0,M1.1",null,"EF(B) - Exhaust Fan, CFM: 84, Manufacturer: Airing",1,{"v":0,"d":"0%"},1,"EA",{"v":61.32,"d":"$61.3"},{"v":61.32,"d":"$61.32"},{"v":146,"d":"$146.00"},{"v":146,"d":"$146.00"},{"v":207.32,"d":"$207.3"},{"v":207.32,"d":"$207"}]
[{"$f":"IF(I163<>\"\",1+MAX($A$6:A162),\"\")","v":121},"M-2.0","M-2.0,M1.1",null,"EF(L) - Exhaust Fan, CFM: 116, Manufacturer: Airing",1,{"v":0,"d":"0%"},1,"EA",{"v":69.3,"d":"$69.3"},{"v":69.3,"d":"$69.30"},{"v":165,"d":"$165.00"},{"v":165,"d":"$165.00"},{"v":234.3,"d":"$234.3"},{"v":234.3,"d":"$234"}]
[{"$f":"IF(I164<>\"\",1+MAX($A$6:A163),\"\")","v":122},"M-2.0","M-2.0,M1.1",null,"EF(MB) - Exhaust Fan, CFM: 113, Manufacturer: Airing",1,{"v":0,"d":"0%"},1,"EA",{"v":65.1,"d":"$65.1"},{"$f":"J164*H164","v":{"v":65.1,"d":"$65.10"}},{"v":155,"d":"$155.00"},{"$f":"L164*H164","v":{"v":155,"d":"$155.00"}},{"$f":"J164+L164","v":{"v":220.1,"d":"$220.1"}},{"v":220.1,"d":"$220"}]
[{"$f":"IF(I165<>\"\",1+MAX($A$6:A164),\"\")","v":123},"M-2.0","M-2.0,M1.1",null,"EF(R) - Exhaust Fan, CFM: 63, Manufacturer: Airing",2,{"v":0,"d":"0%"},2,"EA",{"v":42,"d":"$42.0"},{"v":84,"d":"$84.00"},{"v":100,"d":"$100.00"},{"v":200,"d":"$200.00"},{"v":142,"d":"$142.0"},{"v":284,"d":"$284"}]
[{"$f":"IF(I166<>\"\",1+MAX($A$6:A165),\"\")","v":124},"M-2.0","M-2.0,M1.1",null,"HP(36) - Split System Outdoor Heat Pump Condensing Unit, Heating Capacity: 35000 BTU/Hr, Operating Weight: 215 LBs, Manufacturer: Carrier",1,{"v":0,"d":"0%"},1,"EA",{"v":1533,"d":"$1,533.0"},{"v":1533,"d":"$1,533.00"},{"v":3650,"d":"$3,650.00"},{"v":3650,"d":"$3,650.00"},{"v":5183,"d":"$5,183.0"},{"v":5183,"d":"$5,183"}]
[{"$f":"IF(I167<>\"\",1+MAX($A$6:A166),\"\")","v":125},"M-2.0","M-2.0,M1.1",null,"HP(48) - Split System Outdoor Heat Pump Condensing Unit, Heating Capacity: 46500 BTU/Hr, Operating Weight: 238 LBs, Manufacturer: Carrier",1,{"v":0,"d":"0%"},1,"EA",{"v":1623.3,"d":"$1,623.3"},{"v":1623.3,"d":"$1,623.30"},{"v":3865,"d":"$3,865.00"},{"v":3865,"d":"$3,865.00"},{"v":5488.3,"d":"$5,488.3"},{"v":5488.3,"d":"$5,488"}]
[{"$f":"IF(I168<>\"\",1+MAX($A$6:A167),\"\")","v":126},"M-2.0","M-2.0,M1.1",null,"RAG - (18\"x30\" ) Return Air Grill",2,{"v":0,"d":"0%"},2,"EA",{"v":65.1,"d":"$65.1"},{"$f":"J168*H168","v":{"v":130.2,"d":"$130.20"}},{"v":155,"d":"$155.00"},{"$f":"L168*H168","v":{"v":310,"d":"$310.00"}},{"$f":"J168+L168","v":{"v":220.1,"d":"$220.1"}},{"v":440.2,"d":"$440"}]
[{"$f":"IF(I169<>\"\",1+MAX($A$6:A168),\"\")","v":127},"M-2.0","M-2.0,M1.1",null,"Thermostat",2,{"v":0,"d":"0%"},2,"EA",{"v":39.2,"d":"$39.2"},{"v":78.4,"d":"$78.40"},{"v":100.8,"d":"$100.80"},{"v":201.6,"d":"$201.60"},{"v":140,"d":"$140.0"},{"v":280,"d":"$280"}]
[{"$f":"IF(I170<>\"\",1+MAX($A$6:A169),\"\")","v":128},"M-2.0","M-2.0,M1.1",null,"FC(48) - Split System Indoor Ceiling Fan Coil Unit, CFM: 1600, Manufacturer: Carrier",1,{"v":0,"d":"0%"},1,"EA",{"v":579.6,"d":"$579.6"},{"v":579.6,"d":"$579.60"},{"v":1380,"d":"$1,380.00"},{"v":1380,"d":"$1,380.00"},{"$f":"J170+L170","v":{"v":1959.6,"d":"$1,959.6"}},{"v":1959.6,"d":"$1,960"}]
[{"$f":"IF(I171<>\"\",1+MAX($A$6:A170),\"\")","v":129},"M-2.0","M-2.0,M1.1",null,"FC(36) - Split System Indoor Ceiling Fan Coil Unit, CFM: 1200, Manufacturer: Carrier",1,{"v":0,"d":"0%"},1,"EA",{"v":483,"d":"$483.0"},{"v":483,"d":"$483.00"},{"v":1150,"d":"$1,150.00"},{"v":1150,"d":"$1,150.00"},{"$f":"J171+L171","v":{"v":1633,"d":"$1,633.0"}},{"v":1633,"d":"$1,633"}]
[{"$f":"IF(I172<>\"\",1+MAX($A$6:A171),\"\")","v":""}]
[{"$f":"IF(I173<>\"\",1+MAX($A$6:A172),\"\")","v":""},null,null,"DIV. 26","ELECTRICAL",{"$nulls":10},{"$f":"SUM(O176:O214)","v":{"v":43935.68000000001,"d":"$43,936"}}]
[{"$f":"IF(I174<>\"\",1+MAX($A$6:A173),\"\")","v":""}]
[{"$f":"IF(I175<>\"\",1+MAX($A$6:A174),\"\")","v":""},{"$nulls":3},"POWER FIXTURE"]
[{"$f":"IF(I176<>\"\",1+MAX($A$6:A175),\"\")","v":130},"E2.0","E2.0,E1.0",null,"Duplex Receptacle",60,{"v":0,"d":"0%"},{"$f":"F176*(1+G176)","v":60},"EA",{"v":18.200000000000003,"d":"$18.2"},{"$f":"J176*H176","v":{"v":1092.0000000000002,"d":"$1,092.00"}},{"v":46.8,"d":"$46.80"},{"$f":"L176*H176","v":{"v":2808,"d":"$2,808.00"}},{"v":65,"d":"$65.0"},{"$f":"N176*H176","v":{"v":3900,"d":"$3,900"}}]
[{"$f":"IF(I177<>\"\",1+MAX($A$6:A176),\"\")","v":131},"E2.0","E2.0,E1.0",null,"Duplex Receptacle - Ground Fault Interrupter",26,{"v":0,"d":"0%"},26,"EA",{"v":33.6,"d":"$33.6"},{"$f":"J177*H177","v":{"v":873.6,"d":"$873.60"}},{"v":86.39999999999999,"d":"$86.40"},{"$f":"L177*H177","v":{"v":2246.3999999999996,"d":"$2,246.40"}},{"v":120,"d":"$120.0"},{"v":3120,"d":"$3,120"}]
[{"$f":"IF(I178<>\"\",1+MAX($A$6:A177),\"\")","v":132},"E2.0","E2.0,E1.0",null,"Duplex Receptacle - Ground Fault Interrupter (Weatherproof)",14,{"v":0,"d":"0%"},14,"EA",{"v":39.2,"d":"$39.2"},{"$f":"J178*H178","v":{"v":548.8000000000001,"d":"$548.80"}},{"v":100.8,"d":"$100.80"},{"$f":"L178*H178","v":{"v":1411.2,"d":"$1,411.20"}},{"v":140,"d":"$140.0"},{"v":1960,"d":"$1,960"}]
[{"$f":"IF(I179<>\"\",1+MAX($A$6:A178),\"\")","v":133},"E2.0","E2.0,E1.0",null,"Triplex Receptacle - Ground Fault Interrupter, Voltages: 240V",1,{"v":0,"d":"0%"},1,"EA",{"v":50.400000000000006,"d":"$50.4"},{"$f":"J179*H179","v":{"v":50.400000000000006,"d":"$50.40"}},{"v":129.6,"d":"$129.60"},{"$f":"L179*H179","v":{"v":129.6,"d":"$129.60"}},{"v":180,"d":"$180.0"},{"v":180,"d":"$180"}]
[{"$f":"IF(I180<>\"\",1+MAX($A$6:A179),\"\")","v":134},"E2.0","E2.0,E1.0",null,"Triplex Receptacle - Voltages: 240V",2,{"v":0,"d":"0%"},2,"EA",{"v":44.800000000000004,"d":"$44.8"},{"$f":"J180*H180","v":{"v":89.60000000000001,"d":"$89.60"}},{"v":115.19999999999999,"d":"$115.20"},{"$f":"L180*H180","v":{"v":230.39999999999998,"d":"$230.40"}},{"v":160,"d":"$160.0"},{"v":320,"d":"$320"}]
[{"$f":"IF(I181<>\"\",1+MAX($A$6:A180),\"\")","v":135},"E2.0","E2.0,E1.0",null,"USB Charger Receptacle",11,{"v":0,"d":"0%"},11,"EA",{"v":28.000000000000004,"d":"$28.0"},{"$f":"J181*H181","v":{"v":308.00000000000006,"d":"$308.00"}},{"v":72,"d":"$72.00"},{"$f":"L181*H181","v":{"v":792,"d":"$792.00"}},{"v":100,"d":"$100.0"},{"v":1100,"d":"$1,100"}]
[{"$f":"IF(I182<>\"\",1+MAX($A$6:A181),\"\")","v":136},"E2.0","E2.0,E1.0",null,"Cat 5 Jada Jack",12,{"v":0,"d":"0%"},{"$f":"F182*(1+G182)","v":12},"EA",{"v":7.04,"d":"$7.0"},{"$f":"J182*H182","v":{"v":84.48,"d":"$84.48"}},{"v":22,"d":"$22.00"},{"$f":"L182*H182","v":{"v":264,"d":"$264.00"}},{"$f":"J182+L182","v":{"v":29.04,"d":"$29.0"}},{"$f":"N182*H182","v":{"v":348.48,"d":"$348"}}]
[{"$f":"IF(I183<>\"\",1+MAX($A$6:A182),\"\")","v":137},"E2.0","E2.0,E1.0",null,"Junction Box",17,{"v":0,"d":"0%"},17,"EA",{"v":56.00000000000001,"d":"$56.0"},{"$f":"J183*H183","v":{"v":952.0000000000001,"d":"$952.00"}},{"v":144,"d":"$144.00"},{"$f":"L183*H183","v":{"v":2448,"d":"$2,448.00"}},{"v":200,"d":"$200.0"},{"v":3400,"d":"$3,400"}]
[{"$f":"IF(I184<>\"\",1+MAX($A$6:A183),\"\")","v":138},"E2.0","E2.0,E1.0",null,"Smoke Detector",5,{"v":0,"d":"0%"},5,"EA",{"v":42.00000000000001,"d":"$42.0"},{"$f":"J184*H184","v":{"v":210.00000000000003,"d":"$210.00"}},{"v":108,"d":"$108.00"},{"$f":"L184*H184","v":{"v":540,"d":"$540.00"}},{"v":150,"d":"$150.0"},{"v":750,"d":"$750"}]
[{"$f":"IF(I185<>\"\",1+MAX($A$6:A184),\"\")","v":139},"E2.0","E2.0,E1.0",null,"Vacancy Sensor",7,{"v":0,"d":"0%"},7,"EA",{"v":16,"d":"$16.0"},{"v":112,"d":"$112.00"},{"v":50,"d":"$50.00"},{"v":350,"d":"$350.00"},{"$f":"J185+L185","v":{"v":66,"d":"$66.0"}},{"v":462,"d":"$462"}]
[{"$f":"IF(I186<>\"\",1+MAX($A$6:A185),\"\")","v":140},"E2.0","E2.0,E1.0",null,"Carbon Monoxide Alarm",1,{"v":0,"d":"0%"},1,"EA",{"v":84,"d":"$84.0"},{"v":84,"d":"$84.00"},{"v":115.99999999999999,"d":"$116.00"},{"v":115.99999999999999,"d":"$116.00"},{"v":200,"d":"$200.0"},{"v":200,"d":"$200"}]
[{"$f":"IF(I187<>\"\",1+MAX($A$6:A186),\"\")","v":""}]
[{"$f":"IF(I188<>\"\",1+MAX($A$6:A187),\"\")","v":""},{"$nulls":3},"LIGHTING FIXTRE"]
[{"$f":"IF(I189<>\"\",1+MAX($A$6:A188),\"\")","v":141},"E2.0","E2.0,E1.0",null,"(1'-0\"x4'-0\") LED Light Strip",7,{"v":0,"d":"0%"},{"$f":"F189*(1+G189)","v":7},"EA",{"v":22.080000000000002,"d":"$22.1"},{"$f":"J189*H189","v":{"v":154.56,"d":"$154.56"}},{"v":69,"d":"$69.00"},{"$f":"L189*H189","v":{"v":483,"d":"$483.00"}},{"$f":"J189+L189","v":{"v":91.08,"d":"$91.1"}},{"$f":"N189*H189","v":{"v":637.56,"d":"$638"}}]
[{"$f":"IF(I190<>\"\",1+MAX($A$6:A189),\"\")","v":142},"E2.0","E2.0,E1.0",null,"(2'-0\"x4'-0\") LED Light Strip ",2,{"v":0,"d":"0%"},2,"EA",{"v":28.16,"d":"$28.2"},{"$f":"J190*H190","v":{"v":56.32,"d":"$56.32"}},{"v":88,"d":"$88.00"},{"$f":"L190*H190","v":{"v":176,"d":"$176.00"}},{"$f":"J190+L190","v":{"v":116.16,"d":"$116.2"}},{"v":232.32,"d":"$232"}]
[{"$f":"IF(I191<>\"\",1+MAX($A$6:A190),\"\")","v":143},"E2.0","E2.0,E1.0",null,"Ceiling Mounted Pendant Light Fixture ",6,{"v":0,"d":"0%"},6,"EA",{"v":144,"d":"$144.0"},{"$f":"J191*H191","v":{"v":864,"d":"$864.00"}},{"v":450,"d":"$450.00"},{"$f":"L191*H191","v":{"v":2700,"d":"$2,700.00"}},{"$f":"J191+L191","v":{"v":594,"d":"$594.0"}},{"v":3564,"d":"$3,564"}]
[{"$f":"IF(I192<>\"\",1+MAX($A$6:A191),\"\")","v":144},"E2.0","E2.0,E1.0",null,"High efficacy Recessed Lighting Fixture",71,{"v":0,"d":"0%"},71,"EA",{"v":38.4,"d":"$38.4"},{"$f":"J192*H192","v":{"v":2726.4,"d":"$2,726.40"}},{"v":120,"d":"$120.00"},{"$f":"L192*H192","v":{"v":8520,"d":"$8,520.00"}},{"$f":"J192+L192","v":{"v":158.4,"d":"$158.4"}},{"v":11246.4,"d":"$11,246"}]
[{"$f":"IF(I193<>\"\",1+MAX($A$6:A192),\"\")","v":145},"E2.0","E2.0,E1.0",null,"High efficacy Wall Mounted Lighting Fixture",11,{"v":0,"d":"0%"},11,"EA",{"v":38.4,"d":"$38.4"},{"$f":"J193*H193","v":{"v":422.4,"d":"$422.40"}},{"v":120,"d":"$120.00"},{"$f":"L193*H193","v":{"v":1320,"d":"$1,320.00"}},{"$f":"J193+L193","v":{"v":158.4,"d":"$158.4"}},{"v":1742.4,"d":"$1,742"}]
[{"$f":"IF(I194<>\"\",1+MAX($A$6:A193),\"\")","v":""}]
[{"$f":"IF(I195<>\"\",1+MAX($A$6:A194),\"\")","v":""},{"$nulls":3},"SWITCHES"]
[{"$f":"IF(I196<>\"\",1+MAX($A$6:A195),\"\")","v":146},"E2.0","E2.0,E1.0",null,"Single Pole Switch",10,{"v":0,"d":"0%"},10,"EA",{"v":7.04,"d":"$7.0"},{"$f":"J196*H196","v":{"v":70.4,"d":"$70.40"}},{"v":22,"d":"$22.00"},{"$f":"L196*H196","v":{"v":220,"d":"$220.00"}},{"$f":"J196+L196","v":{"v":29.04,"d":"$29.0"}},{"$f":"N196*H196","v":{"v":290.4,"d":"$290"}}]
[{"$f":"IF(I197<>\"\",1+MAX($A$6:A196),\"\")","v":147},"E2.0","E2.0,E1.0",null,"Three Pole Switch",2,{"v":0,"d":"0%"},2,"EA",{"v":11.200000000000001,"d":"$11.2"},{"$f":"J197*H197","v":{"v":22.400000000000002,"d":"$22.40"}},{"v":35,"d":"$35.00"},{"$f":"L197*H197","v":{"v":70,"d":"$70.00"}},{"$f":"J197+L197","v":{"v":46.2,"d":"$46.2"}},{"v":92.4,"d":"$92"}]
[{"$f":"IF(I198<>\"\",1+MAX($A$6:A197),\"\")","v":148},"E2.0","E2.0,E1.0",null,"Dimmer Switch",52,{"v":0,"d":"0%"},52,"EA",{"v":7.68,"d":"$7.7"},{"$f":"J198*H198","v":{"v":399.36,"d":"$399.36"}},{"v":24,"d":"$24.00"},{"$f":"L198*H198","v":{"v":1248,"d":"$1,248.00"}},{"$f":"J198+L198","v":{"v":31.68,"d":"$31.7"}},{"v":1647.36,"d":"$1,647"}]
[{"$f":"IF(I199<>\"\",1+MAX($A$6:A198),\"\")","v":149},"E2.0","E2.0,E1.0",null,"Motor Rated Switch, Ampere: 15A, Phase: 1PH",8,{"v":0,"d":"0%"},8,"EA",{"v":8,"d":"$8.0"},{"$f":"J199*H199","v":{"v":64,"d":"$64.00"}},{"v":25,"d":"$25.00"},{"$f":"L199*H199","v":{"v":200,"d":"$200.00"}},{"$f":"J199+L199","v":{"v":33,"d":"$33.0"}},{"v":264,"d":"$264"}]
[{"$f":"IF(I200<>\"\",1+MAX($A$6:A199),\"\")","v":""}]
[{"$f":"IF(I201<>\"\",1+MAX($A$6:A200),\"\")","v":""},{"$nulls":3},"ELECTRICAL EQUIPMENTS"]
[{"$f":"IF(I202<>\"\",1+MAX($A$6:A201),\"\")","v":150},"E2.0","E2.0,E1.0",null,"Electrical Meter - Ampere: 400A, Voltages: 120/240V w/ 42KAIC Circuit Breaker",1,{"v":0,"d":"0%"},{"$f":"F202*(1+G202)","v":1},"EA",{"v":461.12,"d":"$461.1"},{"$f":"J202*H202","v":{"v":461.12,"d":"$461.12"}},{"v":1441,"d":"$1,441.00"},{"$f":"L202*H202","v":{"v":1441,"d":"$1,441.00"}},{"$f":"J202+L202","v":{"v":1902.12,"d":"$1,902.1"}},{"$f":"N202*H202","v":{"v":1902.12,"d":"$1,902"}}]
[{"$f":"IF(I203<>\"\",1+MAX($A$6:A202),\"\")","v":""}]
[{"$f":"IF(I204<>\"\",1+MAX($A$6:A203),\"\")","v":""},{"$nulls":3},"CIRCUIT BREAKER"]
[{"$f":"IF(I205<>\"\",1+MAX($A$6:A204),\"\")","v":151},"E1.1","E1.1",null,"Circuit Breaker - Ampere: 100A, Phase: 2PH",2,{"v":0,"d":"0%"},{"$f":"F205*(1+G205)","v":2},"EA",{"v":77.44,"d":"$77.4"},{"$f":"J205*H205","v":{"v":154.88,"d":"$154.88"}},{"v":242,"d":"$242.00"},{"$f":"L205*H205","v":{"v":484,"d":"$484.00"}},{"$f":"J205+L205","v":{"v":319.44,"d":"$319.4"}},{"$f":"N205*H205","v":{"v":638.88,"d":"$639"}}]
[{"$f":"IF(I206<>\"\",1+MAX($A$6:A205),\"\")","v":152},"E1.1","E1.1",null,"Fused Disconnect, Ampere: 30A, Phase: 2PH",1,{"v":0,"d":"0%"},1,"EA",{"v":54.4,"d":"$54.4"},{"$f":"J206*H206","v":{"v":54.4,"d":"$54.40"}},{"v":170,"d":"$170.00"},{"$f":"L206*H206","v":{"v":170,"d":"$170.00"}},{"$f":"J206+L206","v":{"v":224.4,"d":"$224.4"}},{"v":224.4,"d":"$224"}]
[{"$f":"IF(I207<>\"\",1+MAX($A$6:A206),\"\")","v":153},"E1.1","E1.1",null,"Fused Disconnect, Ampere: 40A, Phase: 2PH",1,{"v":0,"d":"0%"},1,"EA",{"v":64,"d":"$64.0"},{"$f":"J207*H207","v":{"v":64,"d":"$64.00"}},{"v":200,"d":"$200.00"},{"$f":"L207*H207","v":{"v":200,"d":"$200.00"}},{"$f":"J207+L207","v":{"v":264,"d":"$264.0"}},{"v":264,"d":"$264"}]
[{"$f":"IF(I208<>\"\",1+MAX($A$6:A207),\"\")","v":154},"E1.1","E1.1",null,"UGPS - Ampere: 400A",1,{"v":0,"d":"0%"},1,"EA",{"v":328.96,"d":"$329.0"},{"$f":"J208*H208","v":{"v":328.96,"d":"$328.96"}},{"v":1028,"d":"$1,028.00"},{"$f":"L208*H208","v":{"v":1028,"d":"$1,028.00"}},{"$f":"J208+L208","v":{"v":1356.96,"d":"$1,357.0"}},{"v":1356.96,"d":"$1,357"}]
[{"$f":"IF(I209<>\"\",1+MAX($A$6:A208),\"\")","v":""}]
[{"$f":"IF(I210<>\"\",1+MAX($A$6:A209),\"\")","v":""},{"$nulls":3},"ELECTRICAL PANEL"]
[{"$f":"IF(I211<>\"\",1+MAX($A$6:A210),\"\")","v":155},"E1.1","E1.1",null,"Panel \"P\" - Voltages: 120/240V, Watts: 3W, Phase: 1PH, Ampere: 400A",1,{"v":0,"d":"0%"},{"$f":"F211*(1+G211)","v":1},"EA",{"v":640,"d":"$640.0"},{"$f":"J211*H211","v":{"v":640,"d":"$640.00"}},{"v":2000,"d":"$2,000.00"},{"$f":"L211*H211","v":{"v":2000,"d":"$2,000.00"}},{"$f":"J211+L211","v":{"v":2640,"d":"$2,640.0"}},{"$f":"N211*H211","v":{"v":2640,"d":"$2,640"}}]
[{"$f":"IF(I212<>\"\",1+MAX($A$6:A211),\"\")","v":156},"E1.1","E1.1",null,"Panel \"P1\" - Voltages: 120/240V, Watts: 3W, Phase: 1PH, Ampere: 100A",1,{"v":0,"d":"0%"},1,"EA",{"v":176,"d":"$176.0"},{"v":176,"d":"$176.00"},{"v":550,"d":"$550.00"},{"v":550,"d":"$550.00"},{"v":726,"d":"$726.0"},{"v":726,"d":"$726"}]
[{"$f":"IF(I213<>\"\",1+MAX($A$6:A212),\"\")","v":157},"E1.1","E1.1",null,"Panel \"POOL\" - Voltages: 120/240V, Watts: 3W, Phase: 1PH, Ampere: 100A",1,{"v":0,"d":"0%"},1,"EA",{"v":176,"d":"$176.0"},{"v":176,"d":"$176.00"},{"v":550,"d":"$550.00"},{"v":550,"d":"$550.00"},{"v":726,"d":"$726.0"},{"v":726,"d":"$726"}]
[{"$f":"IF(I214<>\"\",1+MAX($A$1:A213),\"\")","v":""}]
["SUB TOTAL",{"$nulls":13},{"$f":"SUM(O8:O214)","v":{"v":197718.21343019995,"d":"$197,718"}},{"$f":"SUM(P7:P214)","v":{"v":197718.2134302,"d":"$197,718"}}]
["OVERHEAD & PROFIT (25%)",{"$nulls":12},{"v":0.25,"d":"25%"},{"$f":"N216*O215","v":{"v":49429.55335754999,"d":"$49,430"}},{"$f":"N216*P215","v":{"v":49429.55335755,"d":"$49,430"}}]
["TOTAL BID",{"$nulls":13},{"$f":"SUM(O215:O216)","v":{"v":247147.76678774995,"d":"$247,148"}},{"$f":"SUM(P215:P216)","v":{"v":247147.76678775,"d":"$247,148"}}]